00541nam a2200169Ia 450000500170000000800410001702000150005808200130007310000200008624500260010626000500013230000200018250000490020294200060025195200990025799900150035620250313123433.0240331s9999 xx 000 0 und d a9559084011 bGNAa894 aGnanasekaran, T 0aLayaththuch chiraigal aColombobHill Country Publishing Housec1994 a200 p ., ( C 2) aA Novel about Upcountry peoples Daily Issues cL 001040708LaWERCLbWERCLcSSCd2024-03-31l0o 894.811 GNAp2383r2024-03-31w2024-03-31yL c3868d3868